000 00512nam a2200169Ia 4500
999 _c5910
_d5910
020 _a978-81-7000-516-2
082 _a025.49 CHA-L
100 _aChan, Lois Mai
245 0 _aLibrary of congress subject headings: principles and application
250 _a4th ed.
260 _aNew Delhi
_bEss Ess Publications
_c2007
300 _axvi, 549
440 _aLibrary and information science text series
504 _aIncludes bibliography and index
650 _aSubject headings, Library of Congress
942 _cBK